00483 a2200181 450000100060000002000060000604000220001210000220003424000340005624500290009030000060011936200090012544000230013465000310015794200070018895200890019599900170028455442 a  cAnchieta - Pituba aCésar e Rodrigo10a1ª Inglês, Il unidadelpor10a1ª Inglês, Il unidade a50 a2017 1aColégio Anchieta 4aInglês e inglês antigo cBK 00104070a91.1b91.1d2023-11-21l0p4820/PITr2023-11-21 18:23:02w2023-11-21yBK c55442d55442